La sátira
-д хадгалсан:
| Үндсэн зохиолч: | |
|---|---|
| Формат: | Ном |
| Хэл сонгох: | испани |
| Хэвлэсэн: |
Madrid
Guadarrama
1969
|
| Цуврал: | Biblioteca para el Hombre Actual
|
| Нөхцлүүд: | |
| Шошгууд: |
Шошго нэмэх
Шошго байхгүй, Энэхүү баримтыг шошголох эхний хүн болох!
|
MARC
| LEADER | 00000nam a2200000 a 4500 | ||
|---|---|---|---|
| 001 | UCW8520 | ||
| 003 | CL-VaPUC | ||
| 008 | 880922e19690000SP |||||||||||||||||spa|d | ||
| 082 | 0 | 4 | |a 801.957 |b HOD |2 21 |
| 100 | 0 | |a Hodgart, Matthew |e author |9 313712 | |
| 245 | 1 | 3 | |a La sátira |
| 300 | |a 256 p | ||
| 942 | |c BK | ||
| 945 | |d 19880922 00:00:00 | ||
| 260 | |a Madrid |b Guadarrama |c 1969 | ||
| 650 | 0 | |a Sátira |9 313713 | |
| 650 | 0 | |a Historia y crítica |9 257407 | |
| 583 | |a last modification |c 19880922 00:00:00 |k Rodrigo Vera | ||
| 490 | 0 | |a Biblioteca para el Hombre Actual | |
| 999 | |c 220869 |d 220867 | ||
| 952 | |0 0 |1 0 |4 0 |6 801_957000000000000_HOD_1969 |7 0 |8 A |9 213600 |a FDOPOS |b FDOPOS |d 2019-11-15 |i 2819503 |o 801.957 HOD 1969 |p 2819503 |r 2025-01-22 |w 2019-11-15 |y BK |k MLH | ||